000 00453nam a2200157 i 4500
001 29018
003 ES-MaACL
005 20230906153951.0
007 t|
008 030120s1965 sp ||||1| spa d
110 2 _aBanco de Vizcaya.
_92119
245 1 0 _aBurgos y su desarrollo económico /
_cBanco de Vizcaya (Bilbao).
260 _a[Bilbao :
_bs.n.,
_c1965] (
_fGrijelmo)
300 _a128 p. :
_bil. ;
_c30 cm.
852 _aES-MaACL
_jC-27558
_bR.58098
999 _c29018
_d29018